|
|
|
|
| LEADER |
01409nam a2200385 a 4500 |
| 001 |
EBC3399042 |
| 003 |
MiAaPQ |
| 005 |
20200520144314.0 |
| 006 |
m o d | |
| 007 |
cr cn||||||||| |
| 008 |
130426s2008 fr ad s 000 0 fre d |
| 020 |
|
|
|z 9782759206780 (Quae)
|
| 020 |
|
|
|z 9789290813781 (CTA)
|
| 020 |
|
|
|z 9782870160909 (PAG)
|
| 020 |
|
|
|z 9782845860223
|
| 020 |
|
|
|z 9782759200795
|
| 020 |
|
|
|z 9782759206780 (e-book)
|
| 035 |
|
|
|a (MiAaPQ)EBC3399042
|
| 035 |
|
|
|a (Au-PeEL)EBL3399042
|
| 035 |
|
|
|a (CaPaEBR)ebr10686561
|
| 035 |
|
|
|a (OCoLC)923344088
|
| 040 |
|
|
|a MiAaPQ
|c MiAaPQ
|d MiAaPQ
|
| 050 |
|
4 |
|a SF523
|b .P38 2008
|
| 100 |
1 |
|
|a Paterson, Peter David.
|
| 245 |
1 |
2 |
|a L'apiculture
|h [electronic resource] /
|c Peter David Paterson ; traduit par Anya Cockle.
|
| 260 |
|
|
|a Versailles [France] :
|b Quae/CTA ;
|a Gembloux, Belgique :
|b Presses agronomiques de Gembloux,
|c 2008.
|
| 300 |
|
|
|a 158 p. :
|b ill. (some col.).
|
| 490 |
0 |
|
|a Agricultures tropicales en poche,
|x 1778-6568
|
| 533 |
|
|
|a Electronic reproduction. Ann Arbor, MI : ProQuest, 2015. Available via World Wide Web. Access may be limited to ProQuest affiliated libraries.
|
| 650 |
|
0 |
|a Bee culture.
|
| 650 |
|
0 |
|a Honeybee.
|
| 650 |
|
0 |
|a Insect rearing.
|
| 655 |
|
4 |
|a Electronic books.
|
| 710 |
2 |
|
|a ProQuest (Firm)
|
| 856 |
4 |
0 |
|u https://ebookcentral.proquest.com/lib/matrademy/detail.action?docID=3399042
|z Click to View
|